| 000 | 00563nam a2200169Ia 4500 | ||
|---|---|---|---|
| 008 | 090711s9999 xx 000 0 und d | ||
| 082 | _b70594 | ||
| 100 | _aकोल्हटकर उषादेवी वि. | ||
| 245 | _aखेळ भावनांSाा | ||
| 260 | _c1992 | ||
| 300 | _a144 | ||
| 600 | _aकोल्हटकर उषादेवी वि. | ||
| 630 | _aखेळ भावनांSाा | ||
| 700 | _aकोल्हटकर उषादेवी वि. | ||
| 730 | _aखेळ भावनांSाा | ||
| 942 | _cBOOK | ||
| 999 |
_c287140 _d287140 |
||